| 000 | 00444nam a2200181Ia 4500 | ||
|---|---|---|---|
| 001 | 18820 | ||
| 005 | 20260306171659.0 | ||
| 008 | 260306s9999||||xx |||||||||||||| ||und|| | ||
| 041 | _aESP | ||
| 082 |
_a658.5 _bM86I |
||
| 100 |
_aMora Gutiérrez, Alberto _eAUT |
||
| 245 | 0 |
_aInventario cero: _bcuándo y cuánto pedir |
|
| 260 | _c2016 | ||
| 300 |
_a304 páginas : _c28 cm. |
||
| 650 | _aGEN | ||
| 654 | _aCAN | ||
| 942 |
_cLIB _dJUS _fJUS _2ddc _n |
||
| 999 |
_c18820 _d18820 |
||